Republic of Mozambique : Poverty Reduction Strategy Paper Progress Report (Review of the Economic and Social Plan for 2003).

This paper reviews Mozambique's economic and social plan for 2003. It presents the actions that have been taken to improve the current planning instrument. The paper outlines the social and demographic profile of Mozambique and reviews the extent to which the current strategy for the reduction...

Fuld beskrivelse

Bibliografiske detaljer
Institution som forfatter: International Monetary Fund
Format: Tidsskrift
Sprog:English
Udgivet: Washington, D.C. : International Monetary Fund, 2004.
Serier:IMF Staff Country Reports; Country Report ; No. 2004/135
Online adgang:Full text available on IMF
LEADER 01626cas a2200241 a 4500
001 AALejournalIMF003013
008 230101c9999 xx r poo 0 0eng d
020 |c 5.00 USD 
020 |z 9781451827200 
022 |a 1934-7685 
040 |a BD-DhAAL  |c BD-DhAAL 
110 2 |a International Monetary Fund. 
245 1 0 |a Republic of Mozambique :   |b Poverty Reduction Strategy Paper Progress Report (Review of the Economic and Social Plan for 2003). 
264 1 |a Washington, D.C. :  |b International Monetary Fund,  |c 2004. 
300 |a 1 online resource (126 pages) 
490 1 |a IMF Staff Country Reports 
500 |a <strong>Off-Campus Access:</strong> No User ID or Password Required 
500 |a <strong>On-Campus Access:</strong> No User ID or Password Required 
506 |a Electronic access restricted to authorized BRAC University faculty, staff and students 
520 3 |a This paper reviews Mozambique's economic and social plan for 2003. It presents the actions that have been taken to improve the current planning instrument. The paper outlines the social and demographic profile of Mozambique and reviews the extent to which the current strategy for the reduction of absolute poverty in the country is meeting its aims. Results are presented in terms of changes in the welfare indicators, and the extent to which Mozambique is on course to achieve the Millennium Development Goals. 
538 |a Mode of access: Internet 
830 0 |a IMF Staff Country Reports; Country Report ;  |v No. 2004/135 
856 4 0 |z Full text available on IMF  |u http://elibrary.imf.org/view/journals/002/2004/135/002.2004.issue-135-en.xml  |z IMF e-Library